Datum a čas kvízu
41
Celkem bodů
Celkový počet nahraných bodů na tomto kvízu bez doplňovacích otázek.
4.
Pořadí na kvízu
Konečné umístění týmu na tomto kvízu.
Zaznamenané odpovědi
| # | Otázka | Odpověď | Body | Výsledky |
|---|---|---|---|---|
| 1. | Ústavní soud zamítl návrhy pre... | lex Babiš | 1 | |
| 2. | Mluvčí afghánského radikálního... | Tálibán | 1 | |
| 3. | Pták roku je kampaň České spol... | jiřička (obecná) | 0 | |
| 4. | Minulý týden zemřel ve věku 74... | CTRL+C, CTRL+V (v angličtině též copy and paste) | 0 | |
| 5. | Zraní-li se anebo je-li vylouč... | dělá rolbaře | 1 | |
| 6. | Na tento týden připadá období... | bachyně | 1 | |
| 7. | S tímto zvláštně vypadajícím p... | (prase) bradavičnaté | 1 | |
| 8. | Již delší dobu se experimentuj... | xenotransplantace | 1 | |
| 9. | Prase je čistotné a inteligent... | A | 1 | |
| 10. | Obliba miniprasátek jako domác... | Babe | 1 |